| 000 | 00811nam a2200277 a 4500 | ||
|---|---|---|---|
| 001 | 000035385 | ||
| 003 | DO-SdBNP | ||
| 005 | 20220915091130.0 | ||
| 007 | ta | ||
| 008 | 111031s1984 mx 000 0 spa d | ||
| 020 | _a9686200983 | ||
| 020 | _a9686400975 obra completa | ||
| 040 |
_aDO-SdBNP _bspa _cBNPHU |
||
| 082 |
_aM863.44 _bR935p |
||
| 100 | 1 | 0 |
_aRulfo, Juan, _d1917-1986 _922675 |
| 245 | 1 | 0 |
_aJuan Rulfo Pedro Páramo y el llano en llamas. / _cJuan Rulfo. |
| 260 |
_aMéxico : _bOrigen-Seix Barral, _c1984. |
||
| 300 |
_a239 p. ; _c20 cm. |
||
| 490 | 1 |
_aObras maestras del siglo XX _v1 |
|
| 590 | _aInventariado, 2022 / DG | ||
| 650 | 4 |
_aNovela méxicana _93959 |
|
| 650 | 4 |
_aLiteratura Méxicana _91922 |
|
| 830 | 0 |
_aObras maestras del siglo XX _v1 _939542 |
|
| 910 | _aDG | ||
| 942 |
_2ddc _cLBS1 |
||
| 999 |
_c34876 _d34876 |
||